|
|
|
|
| LEADER |
02057cam a2200325 a 4500 |
| 001 |
27406283 |
| 003 |
GR-PaULI |
| 008 |
180321s2017 gr f b 000 0 gre|c |
| 020 |
|
|
|a 9786188313910
|
| 040 |
|
|
|a GrPaTEI
|b gre
|c GR-PaULI
|
| 050 |
|
4 |
|a HF5679
|b .D37 2017
|
| 082 |
0 |
4 |
|a 657.0285
|2 22
|
| 100 |
1 |
|
|a Δάπης, Δημήτριος Θ.
|
| 245 |
1 |
0 |
|a Μηχανογραφημένη λογιστική II :
|b τήρηση διπλογραφικών βιβλίων μηχανογραφικά /
|c Δημήτριος Δάπης, Δημήτριος Αθανασίου.
|
| 260 |
|
|
|a Θεσσαλονίκη :
|b Οικονομικές Εκδόσεις,
|c 2017.
|
| 300 |
|
|
|a 371 σ. :
|b πίν. ;
|c 29 εκ.
|
| 500 |
|
|
|a Με τη συνεργασία του Περιοδικού EPSILON 7 -- Εξώφυλλο.
|
| 504 |
|
|
|a Βιβλιογραφία: σ. 369.
|
| 650 |
|
0 |
|a Accounting
|x Computer programs.
|
| 650 |
|
0 |
|a Accounting
|x Data processing.
|
| 650 |
|
7 |
|a Λογιστική
|x Επεξεργασία δεδομένων.
|2 lcsh/gre
|
| 650 |
|
7 |
|a Λογιστική
|x Επεξεργασία δεδομένων.
|2 nlgaf
|
| 650 |
|
7 |
|a Λογιστική
|x Προγράμματα ηλεκτρονικών υπολογιστών.
|2 lcsh/gre
|
| 700 |
1 |
|
|a Αθανασίου, Δημήτριος
|e συγγραφέας.
|
| 942 |
|
|
|2 ddc
|
| 952 |
|
|
|0 0
|1 0
|2 ddc
|4 0
|6 657_028500000000000_ΔΑΠ
|7 0
|9 318765
|a LISK
|b LISK
|c EUD
|d 2021-01-17
|e 24
|f 0
|g 0.00
|l 0
|o 657.0285 ΔΑΠ
|p 99241000067659
|r 2021-01-17 00:00:00
|t 1
|w 2021-01-17
|y BK15
|x Purchase/Donation Number
|x General Note
|x GrPaTEI
|
| 952 |
|
|
|0 0
|1 0
|2 ddc
|4 0
|6 657_028500000000000_ΔΑΠ
|7 1
|9 318766
|a LISK
|b LISK
|c EUD
|d 2021-01-17
|e 24
|f 0
|g 0.00
|l 0
|o 657.0285 ΔΑΠ
|p 99241000067658
|r 2021-01-17 00:00:00
|t 1
|w 2021-01-17
|y BKN
|x Purchase/Donation Number
|x General Note
|x GrPaTEI
|
| 952 |
|
|
|0 0
|1 0
|2 ddc
|4 0
|6 657_028500000000000_ΔΑΠ
|7 0
|9 318767
|a MSLG
|b MSLG
|c EUD
|d 2021-01-17
|e 24
|f 0
|g 0.00
|l 0
|o 657.0285 ΔΑΠ
|p 99242000029303
|r 2021-01-17 00:00:00
|t 1
|w 2021-01-17
|y BK15
|x GrPaTEI
|
| 971 |
|
|
|a .b27406283
|b 09-10-20
|c 21-03-18
|
| 999 |
|
|
|c 181059
|d 181059
|